[Event "World Chess Olympiad 2018"]
[Site "Batumi"]
[Date "2018.10.05"]
[Round "11"]
[Board "4"]
[WhiteFideId "11200545"]
[White "Abbas Ali"]
[BlackFideId "14300494"]
[Black "Van den Heever Donovan"]
[Result "0-1"]
[LiveChessVersion "1.4.8"]
[BlackElo "2227"]
[WhiteElo "1912"]

1. Nf3 {[%clk 1:30:55]} Nf6 {[%clk 1:30:50]} 2. g3 {[%clk 1:31:19]} c5
{[%clk 1:31:08]} 3. c4 {[%clk 1:31:12]} Nc6 {[%clk 1:31:29]} 4. Bg2
{[%clk 1:31:25]} e5 {[%clk 1:31:04]} 5. d3 {[%clk 1:31:43]} h6 {[%clk 1:30:57]}
6. Nc3 {[%clk 1:31:59]} d6 {[%clk 1:30:51]} 7. a3 {[%clk 1:32:09]} Be7
{[%clk 1:29:48]} 8. O-O {[%clk 1:32:26]} O-O {[%clk 1:30:08]} 9. Rb1
{[%clk 1:32:15]} a5 {[%clk 1:22:43]} 10. Nb5 {[%clk 1:31:12]} Be6
{[%clk 1:12:44]} 11. Nd2 {[%clk 1:25:59]} Qd7 {[%clk 1:10:59]} 12. b3
{[%clk 1:24:57]} Bh3 {[%clk 1:01:16]} 13. Bb2 {[%clk 1:24:51]} Ra6
{[%clk 0:47:08]} 14. Qc2 {[%clk 1:23:08]} Bxg2 {[%clk 0:42:28]} 15. Kxg2
{[%clk 1:23:34]} d5 {[%clk 0:38:57]} 16. e4 {[%clk 1:16:24]} d4 {[%clk 0:37:17]}
17. h3 {[%clk 1:16:00]} Nh7 {[%clk 0:29:05]} 18. Nf3 {[%clk 1:08:13]} Ng5
{[%clk 0:26:57]} 19. Nxg5 {[%clk 1:08:06]} hxg5 {[%clk 0:27:01]} 20. g4
{[%clk 1:06:36]} g6 {[%clk 0:24:37]} 21. Qe2 {[%clk 1:00:34]} Kg7
{[%clk 0:24:29]} 22. f3 {[%clk 1:00:13]} Rh8 {[%clk 0:23:42]} 23. Rh1
{[%clk 1:00:15]} Raa8 {[%clk 0:22:08]} 24. Bc1 {[%clk 0:59:56]} Rh7
{[%clk 0:21:34]} 25. Bd2 {[%clk 1:00:00]} Rah8 {[%clk 0:21:30]} 26. Rh2
{[%clk 0:59:16]} b6 {[%clk 0:21:39]} 27. Qe1 {[%clk 0:59:03]} Nd8
{[%clk 0:21:54]} 28. Qg3 {[%clk 0:58:10]} Nc6 {[%clk 0:17:36]} 29. a4
{[%clk 0:53:26]} Bf6 {[%clk 0:12:27]} 30. Rbh1 {[%clk 0:53:01]} Nd8
{[%clk 0:12:31]} 31. Na3 {[%clk 0:51:23]} Ne6 {[%clk 0:12:50]} 32. Nc2
{[%clk 0:51:11]} Nf4+ {[%clk 0:11:51]} 33. Bxf4 {[%clk 0:51:20]} gxf4
{[%clk 0:12:03]} 34. Qe1 {[%clk 0:50:30]} Bh4 {[%clk 0:12:19]} 35. Qf1
{[%clk 0:44:37]} Bg3 {[%clk 0:11:44]} 36. Ne1 {[%clk 0:44:03]} Qd8
{[%clk 0:07:06]} 37. Kg1 {[%clk 0:42:13]} Bxh2+ {[%clk 0:07:11]} 38. Rxh2
{[%clk 0:42:03]} Qh4 {[%clk 0:07:23]} 39. Qf2 {[%clk 0:38:56]} Qxf2+ 40. Rxf2
{[%clk 1:07:47]} Rxh3 {[%clk 0:34:37]} 41. Kf1 {[%clk 1:07:42]} Rh2
{[%clk 0:34:30]} 42. Ke2 {[%clk 1:07:01]} Rxf2+ {[%clk 0:33:29]} 43. Kxf2
{[%clk 1:07:20]} Rh2+ {[%clk 0:33:56]} 44. Ng2 {[%clk 1:07:20]} Rh1
{[%clk 0:34:20]} 45. Ne1 {[%clk 1:07:28]} Kf6 {[%clk 0:34:41]} 46. Ke2
{[%clk 1:05:10]} Rh2+ {[%clk 0:32:59]} 47. Kd1 {[%clk 1:05:31]} Rb2
{[%clk 0:33:07]} 0-1

[Event "World Chess Olympiad 2018"]
[Site "Batumi"]
[Date "2018.10.05"]
[Round "11"]
[Board "1"]
[WhiteFideId "14700247"]
[White "Khusenkhojaev Muhammad"]
[BlackFideId "4800192"]
[Black "Al-Ali Hussein Ali Hussein"]
[Result "1-0"]
[LiveChessVersion "1.4.8"]
[BlackElo "2273"]
[WhiteElo "2430"]

1. Nf3 {[%clk 1:30:55]} Nf6 {[%clk 1:30:49]} 2. c4 {[%clk 1:31:19]} d6
{[%clk 1:29:39]} 3. d4 {[%clk 1:31:40]} Nbd7 {[%clk 1:30:00]} 4. g3
{[%clk 1:31:50]} e5 {[%clk 1:30:19]} 5. Nc3 {[%clk 1:32:12]} g6 {[%clk 1:30:11]}
6. Bg2 {[%clk 1:32:27]} Bg7 {[%clk 1:30:35]} 7. O-O {[%clk 1:32:48]} O-O
{[%clk 1:30:58]} 8. e4 {[%clk 1:33:11]} exd4 {[%clk 1:26:43]} 9. Nxd4
{[%clk 1:33:32]} Re8 {[%clk 1:27:04]} 10. h3 {[%clk 1:33:31]} a6 {[%clk 1:27:06]}
11. Be3 {[%clk 1:33:09]} Rb8 {[%clk 1:26:12]} 12. a4 {[%clk 1:30:50]} Ne5
{[%clk 1:24:30]} 13. b3 {[%clk 1:30:28]} Bd7 {[%clk 1:21:55]} 14. f4
{[%clk 1:04:56]} Nc6 {[%clk 1:22:16]} 15. Re1 {[%clk 1:02:38]} Qc8
{[%clk 1:20:17]} 16. Kh2 {[%clk 1:02:42]} h5 {[%clk 1:17:06]} 17. Qd2
{[%clk 1:02:15]} h4 {[%clk 1:17:10]} 18. g4 {[%clk 1:01:07]} Bxg4
{[%clk 1:08:18]} 19. Nxc6 {[%clk 1:00:59]} bxc6 {[%clk 1:08:42]} 20. hxg4
{[%clk 1:00:39]} Nxg4+ {[%clk 1:09:01]} 21. Kg1 {[%clk 1:00:24]} Nxe3
{[%clk 1:08:56]} 22. Rxe3 {[%clk 1:00:33]} Rxb3 {[%clk 1:09:07]} 23. Rf1
{[%clk 0:56:22]} Qb7 {[%clk 1:08:50]} 24. e5 {[%clk 0:53:15]} Qb6
{[%clk 1:06:43]} 25. Kh1 {[%clk 0:52:32]} dxe5 {[%clk 1:03:28]} 26. fxe5
{[%clk 0:52:25]} f5 {[%clk 0:57:54]} 27. Nd5 {[%clk 0:45:26]} cxd5
{[%clk 0:56:47]} 28. Qxd5+ {[%clk 0:41:57]} Kh7 {[%clk 0:53:58]} 29. c5
{[%clk 0:42:18]} Rxe3 {[%clk 0:52:27]} 30. cxb6 {[%clk 0:42:40]} h3
{[%clk 0:52:05]} 31. bxc7 {[%clk 0:40:56]} R3xe5 {[%clk 0:50:12]} 32. Qd7
{[%clk 0:41:07]} R5e7 {[%clk 0:48:25]} 33. c8=Q {[%clk 0:40:50]} Rxc8
{[%clk 0:48:23]} 34. Qxe7 {[%clk 0:41:05]} hxg2+ {[%clk 0:48:37]} 35. Kxg2
{[%clk 0:41:26]} Rc2+ {[%clk 0:48:33]} 36. Rf2 {[%clk 0:39:30]} Rc4
{[%clk 0:48:51]} 37. Kf1 {[%clk 0:37:32]} Re4 {[%clk 0:49:13]} 38. Rh2+
{[%clk 0:37:34]} Kg8 {[%clk 0:49:37]} 39. Qd8+ {[%clk 0:37:44]} Bf8
{[%clk 0:49:05]} 40. Qf6 {[%clk 1:07:45]} Rf4+ {[%clk 1:18:24]} 41. Rf2
{[%clk 1:07:53]} 1-0

[Event "World Chess Olympiad 2018"]
[Site "Batumi"]
[Date "2018.10.05"]
[Round "11"]
[Board "2"]
[WhiteFideId "4801040"]
[White "Al-Saffar Araz Basim Mohammed S"]
[BlackFideId "14700727"]
[Black "Khusenkhojaev Mustafokhuja"]
[Result "1-0"]
[LiveChessVersion "1.4.8"]
[BlackElo "2229"]
[WhiteElo "2400"]

1. c4 {[%clk 1:30:56]} Nf6 {[%clk 1:30:54]} 2. d4 {[%clk 1:31:11]} g6
{[%clk 1:31:17]} 3. Nf3 {[%clk 1:31:38]} Bg7 {[%clk 1:31:40]} 4. e3
{[%clk 1:32:01]} O-O {[%clk 1:31:53]} 5. Be2 {[%clk 1:32:29]} b6 {[%clk 1:31:32]}
6. O-O {[%clk 1:32:32]} Bb7 {[%clk 1:31:21]} 7. d5 {[%clk 1:29:25]} c6
{[%clk 1:30:47]} 8. Nc3 {[%clk 1:29:27]} cxd5 {[%clk 1:16:05]} 9. cxd5
{[%clk 1:29:40]} d6 {[%clk 1:12:54]} 10. e4 {[%clk 1:28:56]} Nbd7
{[%clk 1:12:18]} 11. Nd4 {[%clk 1:25:25]} Rc8 {[%clk 1:09:15]} 12. f3
{[%clk 1:25:11]} Ne5 {[%clk 1:04:29]} 13. Bg5 {[%clk 1:06:34]} h6
{[%clk 1:00:35]} 14. Be3 {[%clk 1:05:04]} a6 {[%clk 0:55:36]} 15. Qd2
{[%clk 1:02:39]} Nc4 {[%clk 0:50:50]} 16. Bxc4 {[%clk 1:02:59]} Rxc4
{[%clk 0:51:15]} 17. Rac1 {[%clk 0:55:49]} Kh7 {[%clk 0:48:52]} 18. Nce2
{[%clk 0:52:02]} Rxc1 {[%clk 0:44:59]} 19. Rxc1 {[%clk 0:51:08]} Nd7
{[%clk 0:43:13]} 20. Nc6 {[%clk 0:48:44]} Qe8 {[%clk 0:43:08]} 21. Qb4
{[%clk 0:35:47]} e6 {[%clk 0:37:53]} 22. dxe6 {[%clk 0:27:10]} Qxe6
{[%clk 0:37:36]} 23. Ncd4 {[%clk 0:26:54]} Qxa2 {[%clk 0:35:44]} 24. Qxd6
{[%clk 0:25:49]} Ne5 {[%clk 0:34:38]} 25. Qxb6 {[%clk 0:24:27]} Nc4
{[%clk 0:34:22]} 26. Qxb7 {[%clk 0:21:05]} Nxe3 {[%clk 0:34:38]} 27. Kf2
{[%clk 0:21:20]} Nc4 {[%clk 0:20:54]} 28. Qd5 {[%clk 0:20:45]} Rc8
{[%clk 0:21:17]} 29. Rc2 {[%clk 0:16:32]} 1-0

[Event "World Chess Olympiad 2018"]
[Site "Batumi"]
[Date "2018.10.05"]
[Round "11"]
[Board "3"]
[WhiteFideId "14700859"]
[White "Kabilov Amin"]
[BlackFideId "4801849"]
[Black "Abdulwahhab Ahmed Abdulsattar A"]
[Result "1-0"]
[LiveChessVersion "1.4.8"]
[BlackElo "2271"]
[WhiteElo "2178"]

1. c4 {[%clk 1:30:52]} Nf6 {[%clk 1:30:33]} 2. Nc3 {[%clk 1:31:12]} g6
{[%clk 1:30:40]} 3. g3 {[%clk 1:31:29]} Bg7 {[%clk 1:31:01]} 4. Bg2
{[%clk 1:31:51]} O-O {[%clk 1:31:03]} 5. e3 {[%clk 1:32:06]} c5 {[%clk 1:27:10]}
6. Nge2 {[%clk 1:32:28]} d6 {[%clk 1:27:01]} 7. O-O {[%clk 1:32:44]} Nc6
{[%clk 1:27:14]} 8. d3 {[%clk 1:32:16]} Bd7 {[%clk 1:27:00]} 9. a3
{[%clk 1:32:17]} Qc8 {[%clk 1:22:42]} 10. Rb1 {[%clk 1:26:47]} Bh3
{[%clk 1:21:55]} 11. b4 {[%clk 1:26:47]} Bxg2 {[%clk 1:22:02]} 12. Kxg2
{[%clk 1:27:11]} b6 {[%clk 1:20:47]} 13. e4 {[%clk 1:19:31]} e5 {[%clk 1:16:18]}
14. Bg5 {[%clk 1:15:03]} Ne8 {[%clk 1:02:10]} 15. Nd5 {[%clk 1:10:03]} f6
{[%clk 1:01:41]} 16. Be3 {[%clk 1:09:24]} Rf7 {[%clk 1:01:05]} 17. Qa4
{[%clk 1:07:08]} h5 {[%clk 0:54:02]} 18. f3 {[%clk 1:00:18]} Kh7 {[%clk 0:53:55]}
19. Qd1 {[%clk 0:47:55]} Nc7 {[%clk 0:47:36]} 20. Qd2 {[%clk 0:43:47]} Ne6
{[%clk 0:46:02]} 21. b5 {[%clk 0:41:13]} Ncd4 {[%clk 0:46:19]} 22. a4
{[%clk 0:34:33]} Qd8 {[%clk 0:44:24]} 23. Bxd4 {[%clk 0:34:38]} cxd4
{[%clk 0:43:03]} 24. Nc1 {[%clk 0:29:45]} Nc5 {[%clk 0:38:48]} 25. Qc2
{[%clk 0:28:47]} a5 {[%clk 0:33:40]} 26. Nb3 {[%clk 0:26:09]} Ne6
{[%clk 0:28:25]} 27. f4 {[%clk 0:19:24]} Bh6 {[%clk 0:27:13]} 28. f5
{[%clk 0:19:23]} gxf5 {[%clk 0:27:20]} 29. Rxf5 {[%clk 0:19:13]} Ng7
{[%clk 0:27:41]} 30. Rf3 {[%clk 0:18:44]} f5 {[%clk 0:23:57]} 31. Rbf1
{[%clk 0:17:23]} f4 {[%clk 0:24:13]} 32. gxf4 {[%clk 0:16:58]} Bxf4
{[%clk 0:23:50]} 33. Nxf4 {[%clk 0:16:40]} Rxf4 {[%clk 0:20:24]} 34. Rxf4
{[%clk 0:16:56]} exf4 {[%clk 0:18:54]} 35. Nxd4 {[%clk 0:15:52]} Qf6
{[%clk 0:19:07]} 36. Qf2 {[%clk 0:15:48]} Rg8 {[%clk 0:18:18]} 37. Kh1
{[%clk 0:16:06]} Rf8 {[%clk 0:17:03]} 38. Rg1 {[%clk 0:14:19]} Ne6
{[%clk 0:15:26]} 39. Nxe6 {[%clk 0:14:00]} Qxe6 {[%clk 0:15:52]} 40. Qf3
{[%clk 0:43:58]} Qh6 {[%clk 0:45:33]} 41. e5 {[%clk 0:39:21]} dxe5
{[%clk 0:37:08]} 42. Qe4+ {[%clk 0:39:39]} Kh8 {[%clk 0:37:34]} 43. Rg6
{[%clk 0:39:51]} Qxg6 {[%clk 0:35:53]} 44. Qxg6 {[%clk 0:40:10]} f3
{[%clk 0:36:19]} 45. Qxh5+ {[%clk 0:40:24]} Kg8 {[%clk 0:36:41]} 1-0

[Event "World Chess Olympiad 2018"]
[Site "Batumi"]
[Date "2018.10.05"]
[Round "11"]
[Board "4"]
[WhiteFideId "4801695"]
[White "Muhseen ABdullah Mohammed"]
[BlackFideId "14700280"]
[Black "Karimov Alisher"]
[Result "0-1"]
[LiveChessVersion "1.4.8"]
[BlackElo "2182"]
[WhiteElo "2220"]

1. d4 {[%clk 1:30:10]} c5 {[%clk 1:30:25]} 2. d5 {[%clk 1:28:37]} e5
{[%clk 1:29:56]} 3. e4 {[%clk 1:27:38]} d6 {[%clk 1:30:09]} 4. Bb5+
{[%clk 1:26:19]} Nd7 {[%clk 1:30:20]} 5. a4 {[%clk 1:20:46]} g6 {[%clk 1:21:02]}
6. Nf3 {[%clk 1:17:26]} Bg7 {[%clk 1:20:50]} 7. Nc3 {[%clk 1:16:08]} a6
{[%clk 1:17:46]} 8. Bd3 {[%clk 1:14:43]} b6 {[%clk 1:18:01]} 9. Be3
{[%clk 1:08:17]} Ne7 {[%clk 1:17:15]} 10. Qd2 {[%clk 1:08:25]} h6
{[%clk 1:17:16]} 11. g4 {[%clk 1:00:00]} Nf6 {[%clk 1:12:55]} 12. h3
{[%clk 0:57:34]} g5 {[%clk 1:09:08]} 13. Ne2 {[%clk 0:52:41]} c4 {[%clk 0:59:16]}
14. Bxc4 {[%clk 0:51:41]} Nxe4 {[%clk 0:59:38]} 15. Qb4 {[%clk 0:51:47]} Nc5
{[%clk 0:58:40]} 16. a5 {[%clk 0:51:48]} b5 {[%clk 0:57:56]} 17. Ba2
{[%clk 0:48:52]} Bb7 {[%clk 0:45:00]} 18. Rd1 {[%clk 0:47:29]} Rc8
{[%clk 0:41:32]} 19. Ng3 {[%clk 0:43:18]} f5 {[%clk 0:38:15]} 20. gxf5
{[%clk 0:43:04]} O-O {[%clk 0:34:03]} 21. h4 {[%clk 0:43:10]} Nxf5
{[%clk 0:32:31]} 22. Nxf5 {[%clk 0:34:07]} Rxf5 {[%clk 0:32:17]} 23. hxg5
{[%clk 0:22:55]} Rxf3 {[%clk 0:32:06]} 24. gxh6 {[%clk 0:23:14]} Rxe3+
{[%clk 0:29:42]} 25. fxe3 {[%clk 0:21:59]} Qg5 {[%clk 0:30:01]} 26. Kd2
{[%clk 0:22:22]} Qg2+ {[%clk 0:30:15]} 27. Kc3 {[%clk 0:17:15]} Nd3+
{[%clk 0:30:25]} 0-1

[Event "World Chess Olympiad 2018"]
[Site "Batumi"]
[Date "2018.10.05"]
[Round "11"]
[Board "1"]
[WhiteFideId "7400179"]
[White "Elliott Warren"]
[BlackFideId "6351921"]
[Black "Saraci Nderim"]
[Result "0-1"]
[LiveChessVersion "1.4.8"]
[BlackElo "2408"]
[WhiteElo "2206"]

1. d4 {[%clk 1:30:57]} Nf6 {[%clk 1:30:49]} 2. c4 {[%clk 1:31:20]} e6
{[%clk 1:30:19]} 3. Nf3 {[%clk 1:31:15]} d5 {[%clk 1:30:29]} 4. Nc3
{[%clk 1:30:10]} c6 {[%clk 1:26:53]} 5. cxd5 {[%clk 1:29:42]} exd5
{[%clk 1:26:58]} 6. Qc2 {[%clk 1:29:45]} Bd6 {[%clk 1:19:57]} 7. Bg5
{[%clk 1:29:46]} Nbd7 {[%clk 1:19:52]} 8. e3 {[%clk 1:30:00]} O-O
{[%clk 1:13:11]} 9. Bd3 {[%clk 1:30:08]} Qa5 {[%clk 1:10:17]} 10. O-O
{[%clk 1:28:59]} h6 {[%clk 1:05:48]} 11. Bh4 {[%clk 1:29:03]} Qd8
{[%clk 1:01:48]} 12. Rab1 {[%clk 1:19:58]} a5 {[%clk 1:02:03]} 13. Bf5
{[%clk 1:15:28]} Nb6 {[%clk 0:51:59]} 14. Ne5 {[%clk 1:10:25]} Be7
{[%clk 0:43:27]} 15. Bd3 {[%clk 1:04:25]} Nfd7 {[%clk 0:40:14]} 16. Nxd7
{[%clk 0:54:22]} Bxd7 {[%clk 0:37:38]} 17. Bg3 {[%clk 0:50:17]} Be6
{[%clk 0:35:29]} 18. Rbc1 {[%clk 0:40:52]} Re8 {[%clk 0:34:49]} 19. Ne2
{[%clk 0:38:51]} Bf8 {[%clk 0:30:55]} 20. Nf4 {[%clk 0:35:33]} Bd7
{[%clk 0:29:28]} 21. a3 {[%clk 0:29:29]} Nc8 {[%clk 0:23:59]} 22. Rfe1
{[%clk 0:26:42]} Nd6 {[%clk 0:20:02]} 23. f3 {[%clk 0:25:33]} Qf6
{[%clk 0:16:13]} 24. Bf2 {[%clk 0:19:21]} Bf5 {[%clk 0:13:13]} 25. Bxf5
{[%clk 0:14:04]} Nxf5 {[%clk 0:12:35]} 26. Nd3 {[%clk 0:13:07]} Qg5
{[%clk 0:09:22]} 27. Ne5 {[%clk 0:09:24]} Bd6 {[%clk 0:07:49]} 28. f4
{[%clk 0:09:34]} Qf6 {[%clk 0:07:52]} 29. g4 {[%clk 0:08:51]} Ne7
{[%clk 0:05:34]} 30. Bg3 {[%clk 0:07:21]} Qe6 {[%clk 0:01:34]} 31. f5
{[%clk 0:05:27]} Qc8 {[%clk 0:01:58]} 32. Nxc6 {[%clk 0:04:31]} Nxc6
{[%clk 0:02:18]} 33. Bxd6 {[%clk 0:04:57]} Re4 {[%clk 0:02:20]} 34. h3
{[%clk 0:01:23]} Qd7 {[%clk 0:01:28]} 35. Qh2 {[%clk 0:00:37]} Rae8
{[%clk 0:01:00]} 36. Kf2 {[%clk 0:01:02]} a4 {[%clk 0:00:52]} 37. Bf4
{[%clk 0:00:54]} Qe7 {[%clk 0:00:38]} 38. Red1 {[%clk 0:00:32]} Na5
{[%clk 0:00:35]} 39. Rc5 {[%clk 0:00:35]} Nc4 {[%clk 0:00:48]} 40. Rxd5
{[%clk 0:30:45]} Rxe3 {[%clk 0:30:37]} 41. Re5 {[%clk 0:21:57]} Nxe5
{[%clk 0:30:18]} 42. dxe5 {[%clk 0:18:35]} Rb3 {[%clk 0:30:05]} 43. Rd2
{[%clk 0:16:40]} Qc5+ {[%clk 0:28:32]} 44. Ke2 {[%clk 0:13:40]} Qc1
{[%clk 0:26:32]} 45. Qf2 {[%clk 0:11:53]} Rxb2 {[%clk 0:26:22]} 46. Qd4
{[%clk 0:12:05]} Rb1 {[%clk 0:26:15]} 47. Kf3 {[%clk 0:10:53]} Qf1+
{[%clk 0:25:36]} 48. Kg3 {[%clk 0:10:25]} Rb3+ {[%clk 0:25:42]} 49. Be3
{[%clk 0:10:44]} Qe1+ {[%clk 0:25:18]} 50. Kf4 {[%clk 0:09:26]} Rxa3
{[%clk 0:25:04]} 51. Qc5 {[%clk 0:04:42]} Rb3 {[%clk 0:24:51]} 52. e6
{[%clk 0:03:58]} fxe6 {[%clk 0:24:42]} 53. Rd7 {[%clk 0:01:54]} Qb4+
{[%clk 0:21:36]} 54. Qxb4 {[%clk 0:01:44]} Rxb4+ {[%clk 0:21:58]} 55. Kf3
{[%clk 0:01:40]} exf5 {[%clk 0:22:20]} 56. Bd4 {[%clk 0:01:32]} fxg4+
{[%clk 0:22:33]} 57. hxg4 {[%clk 0:01:49]} Rf8+ {[%clk 0:22:45]} 58. Ke4
{[%clk 0:00:59]} Rf7 {[%clk 0:23:10]} 59. Rd8+ {[%clk 0:01:14]} Kh7
{[%clk 0:23:33]} 60. Ke5 {[%clk 0:01:00]} Rf6 {[%clk 0:23:17]} 0-1

[Event "World Chess Olympiad 2018"]
[Site "Batumi"]
[Date "2018.10.05"]
[Round "11"]
[Board "2"]
[WhiteFideId "937576"]
[White "Ondozi Murtez"]
[BlackFideId "7400330"]
[Black "Lorne Ras Malaku"]
[Result "1-0"]
[LiveChessVersion "1.4.8"]
[BlackElo "2161"]
[WhiteElo "2402"]

1. d4 {[%clk 1:30:58]} Nf6 {[%clk 1:30:49]} 2. Nf3 {[%clk 1:31:25]} e6
{[%clk 1:30:56]} 3. g3 {[%clk 1:31:50]} c5 {[%clk 1:31:06]} 4. c3
{[%clk 1:32:13]} d5 {[%clk 1:28:44]} 5. Bg2 {[%clk 1:32:38]} Nc6 {[%clk 1:29:01]}
6. O-O {[%clk 1:33:03]} Bd6 {[%clk 1:29:16]} 7. Nbd2 {[%clk 1:32:57]} O-O
{[%clk 1:29:14]} 8. Re1 {[%clk 1:33:16]} b6 {[%clk 1:26:40]} 9. e4 Nxe4
{[%clk 1:26:13]} 10. Nxe4 {[%clk 1:33:20]} dxe4 {[%clk 1:26:37]} 11. Rxe4
{[%clk 1:33:46]} Bb7 {[%clk 1:26:13]} 12. Re1 {[%clk 1:34:05]} cxd4
{[%clk 1:25:27]} 13. Nxd4 {[%clk 1:34:30]} Na5 {[%clk 1:25:25]} 14. Bxb7
{[%clk 1:34:11]} Nxb7 {[%clk 1:25:48]} 15. Qf3 {[%clk 1:34:36]} Na5
{[%clk 1:19:23]} 16. b3 {[%clk 1:34:09]} Rc8 {[%clk 1:18:28]} 17. Bb2
{[%clk 1:34:21]} Qf6 {[%clk 1:10:25]} 18. Qxf6 {[%clk 1:34:13]} gxf6
{[%clk 1:10:53]} 19. Nb5 {[%clk 1:33:52]} Bb8 {[%clk 1:09:40]} 20. c4
{[%clk 1:32:21]} a6 {[%clk 1:09:02]} 21. Na3 {[%clk 1:31:57]} Bd6
{[%clk 0:57:22]} 22. Rad1 {[%clk 1:31:58]} Nb7 {[%clk 0:52:27]} 23. Re2
{[%clk 1:30:52]} Rfd8 {[%clk 0:48:54]} 24. Red2 {[%clk 1:30:28]} Be7
{[%clk 0:48:55]} 25. Nc2 {[%clk 1:30:02]} Rxd2 {[%clk 0:41:48]} 26. Rxd2
{[%clk 1:30:30]} Rd8 {[%clk 0:39:23]} 27. Rxd8+ {[%clk 1:29:41]} Bxd8
{[%clk 0:39:40]} 28. Nb4 {[%clk 1:30:03]} Nc5 {[%clk 0:17:56]} 29. Bd4
{[%clk 1:26:57]} a5 {[%clk 0:17:24]} 30. Nc6 {[%clk 1:26:20]} Bc7
{[%clk 0:17:16]} 31. Bxf6 {[%clk 1:26:36]} Nd3 {[%clk 0:17:07]} 32. Bg5
{[%clk 1:23:48]} Kf8 {[%clk 0:02:12]} 33. Kf1 {[%clk 1:23:35]} Ke8
{[%clk 0:02:35]} 34. Ke2 {[%clk 1:23:21]} Nc5 {[%clk 0:02:58]} 35. Be3
{[%clk 1:23:09]} Kd7 {[%clk 0:01:13]} 36. Nd4 {[%clk 1:22:16]} Be5
{[%clk 0:00:43]} 37. Kd2 {[%clk 1:21:28]} f5 {[%clk 0:00:34]} 38. Kc2
{[%clk 1:21:35]} Bc7 {[%clk 0:00:49]} 39. Nb5 {[%clk 1:21:42]} Bd8
{[%clk 0:00:58]} 40. Nd4 {[%clk 1:49:42]} Bf6 {[%clk 0:31:12]} 41. a3
{[%clk 1:49:51]} Ne4 {[%clk 0:24:39]} 42. f3 {[%clk 1:46:24]} Nd6
{[%clk 0:23:07]} 43. g4 {[%clk 1:40:15]} fxg4 {[%clk 0:16:36]} 44. fxg4
{[%clk 1:40:39]} Ne4 {[%clk 0:16:48]} 45. Nf3 {[%clk 1:40:23]} Kc6
{[%clk 0:16:54]} 46. Kd3 {[%clk 1:38:59]} Nc5+ {[%clk 0:16:58]} 47. Bxc5
{[%clk 1:36:51]} Kxc5 {[%clk 0:15:43]} 48. Nd2 {[%clk 1:35:18]} Kc6
{[%clk 0:14:42]} 49. b4 {[%clk 1:35:17]} axb4 {[%clk 0:14:31]} 50. axb4
{[%clk 1:35:46]} Be7 {[%clk 0:14:39]} 51. Kc3 {[%clk 1:35:21]} Kd6
{[%clk 0:14:29]} 52. Nf3 {[%clk 1:35:20]} Kd7 {[%clk 0:13:56]} 53. h4
{[%clk 1:35:02]} Bf6+ {[%clk 0:13:40]} 54. Kd3 {[%clk 1:33:07]} Kd6
{[%clk 0:13:30]} 55. g5 {[%clk 1:33:08]} Bg7 {[%clk 0:12:54]} 56. h5
{[%clk 1:32:28]} Bh8 {[%clk 0:12:38]} 57. Ke4 {[%clk 1:32:03]} Bc3
{[%clk 0:12:23]} 58. b5 {[%clk 1:32:22]} Bg7 {[%clk 0:11:42]} 59. Nh2
{[%clk 1:29:41]} Kc5 {[%clk 0:11:33]} 60. Kd3 {[%clk 1:29:57]} e5
{[%clk 0:10:56]} 61. h6 {[%clk 1:30:06]} Bh8 {[%clk 0:10:50]} 62. Ng4
{[%clk 1:30:14]} e4+ {[%clk 0:10:52]} 63. Kxe4 {[%clk 1:30:37]} Kxc4
{[%clk 0:11:15]} 64. Nf6 {[%clk 1:30:53]} Kxb5 {[%clk 0:08:36]} 65. Nxh7
{[%clk 1:30:37]} 1-0

[Event "World Chess Olympiad 2018"]
[Site "Batumi"]
[Date "2018.10.05"]
[Round "11"]
[Board "3"]
[WhiteFideId "7400268"]
[White "Rowe Duane"]
[BlackFideId "908630"]
[Black "Makolli Perparim"]
[Result "1-0"]
[LiveChessVersion "1.4.8"]
[BlackElo "2284"]
[WhiteElo "2147"]

1. e4 {[%clk 1:30:57]} c5 {[%clk 1:29:05]} 2. d4 {[%clk 1:31:21]} cxd4
{[%clk 1:27:38]} 3. c3 {[%clk 1:31:49]} d5 {[%clk 1:26:56]} 4. exd5
{[%clk 1:31:53]} Qxd5 {[%clk 1:27:16]} 5. cxd4 {[%clk 1:32:18]} e6
{[%clk 1:25:31]} 6. Nf3 {[%clk 1:31:46]} Nf6 {[%clk 1:25:23]} 7. Nc3
{[%clk 1:31:37]} Qd8 {[%clk 1:22:35]} 8. Bc4 {[%clk 1:30:42]} Bb4
{[%clk 1:13:54]} 9. O-O {[%clk 1:31:00]} O-O {[%clk 1:13:17]} 10. Bg5
{[%clk 1:30:02]} Nbd7 {[%clk 1:11:28]} 11. Rc1 {[%clk 1:21:29]} Nb6
{[%clk 1:08:39]} 12. Bb3 {[%clk 1:21:23]} Be7 {[%clk 1:06:18]} 13. Qd3
{[%clk 0:59:00]} Nfd5 {[%clk 0:57:27]} 14. Bd2 {[%clk 0:57:17]} Nf6
{[%clk 0:48:36]} 15. Ne5 {[%clk 0:46:52]} a6 {[%clk 0:38:26]} 16. Rfe1
{[%clk 0:36:23]} Bd6 {[%clk 0:34:45]} 17. Bc2 {[%clk 0:33:41]} g6
{[%clk 0:32:09]} 18. Bg5 {[%clk 0:23:29]} Be7 {[%clk 0:31:18]} 19. Qf3
{[%clk 0:23:28]} Kg7 {[%clk 0:30:18]} 20. Qf4 {[%clk 0:23:31]} Ng8
{[%clk 0:27:45]} 21. Bxe7 {[%clk 0:20:56]} Nxe7 {[%clk 0:27:32]} 22. Ng4
{[%clk 0:20:22]} Nbd5 {[%clk 0:19:09]} 23. Qh6+ {[%clk 0:17:44]} Kg8
{[%clk 0:19:07]} 24. Re5 {[%clk 0:17:10]} f5 {[%clk 0:17:45]} 25. Nxd5
{[%clk 0:15:21]} Nxd5 {[%clk 0:16:14]} 26. Ne3 {[%clk 0:15:16]} Nb4
{[%clk 0:15:01]} 27. Bb1 {[%clk 0:14:16]} Qxd4 {[%clk 0:14:27]} 28. Rc7
{[%clk 0:14:29]} Bd7 {[%clk 0:13:22]} 29. Rxe6 {[%clk 0:14:40]} Rf7
{[%clk 0:12:51]} 30. Rc4 {[%clk 0:04:42]} Qxb2 {[%clk 0:11:50]} 31. Rd6
{[%clk 0:01:52]} Re8 {[%clk 0:07:28]} 32. Rd1 {[%clk 0:01:45]} Bb5
{[%clk 0:04:08]} 33. Rcd4 {[%clk 0:02:05]} Ba4 {[%clk 0:03:20]} 34. Rd8
{[%clk 0:02:05]} Qe5 {[%clk 0:02:21]} 35. Rxe8+ {[%clk 0:01:43]} Qxe8
{[%clk 0:02:44]} 36. Rc1 {[%clk 0:01:13]} Nc6 {[%clk 0:02:43]} 37. Bd3
{[%clk 0:01:23]} Ne5 {[%clk 0:02:32]} 38. Bf1 {[%clk 0:01:37]} Re7
{[%clk 0:01:20]} 39. Nd5 {[%clk 0:01:54]} Rf7 {[%clk 0:01:32]} 40. Qh4
{[%clk 0:31:32]} Kg7 {[%clk 0:30:48]} 41. Qd4 {[%clk 0:28:07]} Kh6
{[%clk 0:29:07]} 42. Rc3 {[%clk 0:26:14]} f4 {[%clk 0:23:20]} 43. Nxf4
{[%clk 0:26:27]} Bd7 {[%clk 0:18:22]} 44. Re3 {[%clk 0:21:51]} Nc6
{[%clk 0:17:10]} 45. Qd2 {[%clk 0:21:56]} Re7 {[%clk 0:16:04]} 46. Rd3
{[%clk 0:17:59]} Kg7 {[%clk 0:14:22]} 47. Nd5 {[%clk 0:18:12]} Rf7
{[%clk 0:12:48]} 48. Re3 {[%clk 0:17:11]} Be6 {[%clk 0:12:40]} 49. Qc3+
{[%clk 0:16:40]} Kh6 {[%clk 0:12:18]} 50. Re4 {[%clk 0:15:40]} g5
{[%clk 0:09:52]} 51. h4 {[%clk 0:13:04]} Nd8 {[%clk 0:07:18]} 52. hxg5+
{[%clk 0:13:03]} Kg6 {[%clk 0:06:49]} 53. Bd3 {[%clk 0:11:17]} Kxg5
{[%clk 0:07:02]} 54. Qd2+ {[%clk 0:10:38]} Kh5 {[%clk 0:07:03]} 55. Nf4+
{[%clk 0:10:45]} 1-0